Регионална библиотека "Любен Каравелов" - Русе

Traité de droit commercial (Запис номер 404359)

MARC детайли
000 -Лидер
Контролно поле с фиксирана дължина nam a22 a 4500
003 - Код на организацията, давaща контролен номер
Контролно поле BLK
005 - Дата и час на последна редакция
Контролно поле 20210331132621.0
008 - Елементи от данни с фиксирана дължина
fixed length control field 210331b bul|||||r ||||||| ||bul||
040 ## - Източник на каталожния запис
Идентификатор на билиотеката - собственик на записа BLK
041 ## - Код за език
Код за езика на текст/звукозапис или на отделно заглавие Френски
Код за езика КДБФ Френски
080 ## - УДК
УДК код - определител по УДК 347.7
УДК - код + определител 347.7
Текстов определител УДК Търговско право
100 ## - Редна дума - Автор
Автор Cosack, Conrad
Авторска отговорност първи автор
R(LIN) 445808
139 ## - Редно поле
Редна дума Cosack, Conrad
245 10 - Сведения за заглавието
Заглавие Traité de droit commercial
Подзаглавни данни Т. 1 -
Редно поле (дума) C. Cosack ; traduit sur la 6è. éd. allemande par León Mis; preface Edmond Eugène Thaller
Том Т. 3
257 ## - Страна на издаване
Страна на създаване/издаване Франция
260 ## - Област на издателските данни
Място на издаване, разпространение и проч. Paris
Име на издателя, разпространителя и проч. V. Giard et E. Brière Liberaires-Éditeurs
Година на издаване 1904
9 (RLIN) 445776
300 ## - Физическа характеристика
Размери/Мащаб 21 см
380 ## - Жанр
Жанр Обществени науки
650 #0 - Допълнително описание по предмет – тема
Основно описание – тема или топоним Търговско право
9 (RLIN) 248222
653 #7 - Ключова дума – ненормативна
Ключова дума търговско право
9 (RLIN) 198878
653 #7 - Ключова дума – ненормативна
Ключова дума договори
9 (RLIN) 185355
700 ## - Други автори (авторска отговорност)
9 (RLIN) 284
Лично име Mis, León
Автороска отговорност (Описва отношението между автора и произведението) trad.
700 ## - Други автори (авторска отговорност)
9 (RLIN) 194
Лично име Thaller, Edmond Eugène
Автороска отговорност (Описва отношението между автора и произведението) pref.
760 ## - Описание на основната серия
Редна дума на основното описание Cosack, Conrad
Място на издаване, издател и година Paris, 1907
Страници - том 352 с.
Част - том Т. 3
852 ## - Местоположение
Форматна сигнатура Цб 3.220.14001
856 4# - Електронен адрес и достъп
Електронен формат pdf - файл
856 4# - Електронен адрес и достъп
Електронен формат pdf - файл
999 ## - СИСТЕМНИ КОНТРОЛНИ НОМЕРА
Koha biblionumber 404359
Koha biblioitemnumber 404359
942 ## - АРТИКУЛИ
Вид на библиотечния материал Книги
Скрит в OPAC Не
Периодичен библиозапис Да
944 ## - СЪЗДАВАНЕ И РЕДАКЦИЯ на ЗАПИСА
Създаване/Редакция Създаване
Дата на регистрацията/редакция 2021-03-31
Служител, извършил регистрацията/редакцията ДГ
Наличности
Код за отписване Код за изгубен артикул Източник на класификационната схема Код за повреда Коз за рестрикции Код за отдаване Артикулен № Име на библиотеката - собственик Име на библиотеката, в която се намира в момента Статус (Текущо местоположение) Дата на вписване в системата Местоположение - отдел Цена в лева Инвентарен номер Систематично азбучна сигнатура Баркод Цена в евро Служебен тип на артикула
  Не е изгубен Universal Decimal Classification Не е повреден само за читалня ползва се в читалня 820466 Регионална библиотека "Любен Каравелов" Русе Регионална библиотека "Любен Каравелов" Русе Хранилище 2021-04-08 Основен фонд - ползва се само за читалня 0.70 14001-ІІІ Цб 3.220.14001 900000044428 0.36 Книги
Vip Innovations Ltd, Rousse, Bulgaria 2025